Taylor Swift - Devine les chansons par le refrain #15 - Statistiques

Statistiques générales
  • Ce quiz a été pris 114 fois
  • Le résultat moyen est 9 sur 16
Statistiques - réponses
Hint Réponse % Correct
Uh-oh, I'm fallin' in loveOh no, I'm fallin' in love again Oh, I'm fallin' in love I thought the plane was goin' down How'd you turn it right around? Labyrinth
84%
I just don't understandHow you don't miss me in *** When someone plays "The Starting Line" And you jump up, but she's too young to know this song That was intertwined in the magic fabric of our dreaming Old habits die screaming The Black Dog
77%
Why'd you have to lead me on?Why’d you have to twist the knife? Walk away and leave me bleedin’, bleedin'? Why’d you whisper in the dark Just to leave me in the night? Now your silence has me screamin', screamin' Say Don’t Go
71%
And all the pieces fall right into placeGettin' caught up in a moment, lipstick on your face *** I'm yours to keep and I'm yours to lose You know I'm not a bad girl, but I do bad things with you *** So It Goes
71%
Under the mistletoeWatchin' the fire glow And tellin' me, "I love you" Just bein' in your arms Takes me back to that little farm Where every wish comes true Christmas Tree Farm
62%
*** And I thought that it would kill me, but it didn't And it was so nice So peaceful and quiet *** It isn't love, it isn't hate, it's just indifference *** I Forgot That You Existed
58%
Never take advice from someone who's falling apartNever take advice from someone who's falling apart (You should find another) Dear Reader
53%
On a crowded street in 1944And you werе headed off to fight in the war You still would've been mine We would have been *** I would've read your love letters every single night And prayed to God you'd be comin' home all right And you would've been fine We would have been *** 'Cause I believe that we were supposed to find this So, even in a different life, you still would've been mine We would've been *** Timeless
53%
Yes, I got your letterYes, I'm doing better It cut deep to know ya, right to the bone Yes, I got your letter Yes, I'm doing better I know that it's over, I don't need your ***, your *** closure
52%
Way to go, tigerHigher and higher Wilder and lighter For you Robin
51%
So don't you worry your pretty little mindPeople throw rocks at things that shine And life makes love look hard The stakes are high, the water's rough But this love is *** Ours
47%
Because these things will ***, can you feel it now?These walls that they put up to hold us back will fall down This revolution, the time will come for us to finally win And we'll sing hallelujah, we'll sing hallelujah Oh, oh Change
45%
I said, "Oh my, what a marvelous tune"It was the best night, never would forget how he moved The whole place was dressed to the nines And we were dancin', dancin' Like we're made of *** Like we're made of *** Starlight
43%
With you I serve, with you I fall down, downWatch you breathe in, watch you breathing out, out epiphany
41%
All this time, I didn't knowYou were breakin' down I'd fall to pieces on the floor If you weren't around Too young to know it gets better I'll be summer sun for you forever *** if you go Forever Winter
41%
When it was good, baby, it was good, babyWe showed 'em all up No one could touch the way we Laughed in the dark, talkin' 'bout your daddy's farm We were gonna buy someday And *** We Were Happy
22%
Aucun quiz correspondant
Distribution des résultats
% des personnes avec chaque résultat
Percentile par nombre de réponses
Votre historique - résultats
Vous n’avez pas pris ce quiz